Dominicos en Mesoamérica : 500 años /

Uloženo v:
Podrobná bibliografie
Korporativní autor: Instituto Dominicano de Investigaciones Históricas
Další autoři: Rodríguez, Santiago (autor) (autor)
Médium: Kniha
Jazyk:španělština
Vydáno: México : Instituto Dominicano de Investigaciones Históricas, 1992, c1992
Tagy: Přidat tag
Žádné tagy, Buďte první, kdo vytvoří štítek k tomuto záznamu!

MARC

LEADER 00000nam^a2200000^a^4500
001 000553839
005 20250521000000.0
009 20260310131646.288
037 |a Acervo Xavier Clavigero 
041 |a ESP 
091 |a FCA. 06501 
110 |a Instituto Dominicano de Investigaciones Históricas 
245 1 0 |a Dominicos en Mesoamérica :  |b 500 años / 
264 4 |a México :  |b Instituto Dominicano de Investigaciones Históricas,  |c 1992, c1992 
300 |a 581 p. 
336 |a texto  |b txt  |2 rdacontenido 
337 |a sin mediación  |b n  |2 rdamedio 
338 |a volumen  |b nc  |2 rdasoporte 
649 |a XX 
700 |a Rodríguez, Santiago  |e (autor) 
910 |a Fondo Xavier Cacho Vázquez S.J. 
920 |a Impresos - Libros 
930 |a Fondos Especiales 
905 |a 131 
901 |a 0500375337  |b IT2  |c ESP  |i D  |u 20250521 
901 |a 0500376444  |b IT2  |c ESP  |i D  |u 20250521 
902 |a https://opac.biblio.iteso.mx/vufind/Record/000553839